1749 1400 1383 1929 1329 1136 1382 1389 1866 1254 1301 1816 1538 1052 1059 1770 1995 1393 1321 1982 1766 1195 1011 1259 1951 1915 1881 1231 1444 1895 1898 1312 1835 1269 1026 1806 1369 1941 1585 1257 1713 1788 1901 1012 1304 1849 1571 1093 1867 1561 1615 1686 1367 1364 1827 1489 1793 1133 1296 1038 1053 1803 1047 1030 1259 1807 1958 1858 1119 1277 1843 1486 1042 1328 1765 1940 1253 1443 1638 1214 1064 1771 1514 1346 1851 1580 1389 1329 1685 1771 1023 1268 1453 1578 1184 1989 1814 1269 1387 BCNSPRNW ULIB Ver.6.0+V

เปลี่ยนเป็นภาษาไทย

Change to English
 แสดงรายละเอียดบรรณานุกรม
  กลับหน้าหลัก

Brief Record : Get Marc (ISO 2709) : E-mail record : QR code < ปิดหน้าต่าง
LEADER : 00000nam 2200000uu 4500
001    13399127194
003     ULIB
008    191021s2561||||th 000 0 tha d
020 ^- ^a9786160622580
050 ^- ^aนว.^bร442บ
100 ^- ^aราตรีนิมิต.
245 10 ^aบุพเพรักร้อยลิขิต /^cราตรีนิมิต.
250 ^- ^aพิมพ์ครั้งที่ 1.
260 ^- ^aกรุงเทพฯ :^bแจ่มใส พับลิชชิ่ง,^c2561
300 ^- ^a450 หน้า.
945    ^p319^l0^i27886
999    ^aกัณชพร จุลอักษร
รายการนี้ยังไม่มีแท็ก
คุณยังไม่ได้ล็อกอิน คุณสามารถมีกิจกรรมร่วมกับเว็บไซต์ได้ แต่ต้องล็อกอินก่อน ::
  ล็อกอิน

รายการสื่อสารสนเทศ

ลำดับที่ ประเภท เลขเรียก/บาร์โค้ด สถานที่ สถานะ
1. วิทยาศาสตร์การแพทย์ และสุขภาพ
วิทยาศาสตร์การแพทย์ และสุขภาพ
นว. ร442บ ฉ.1 
  Barcode: 27886
ห้องสมุดวิทยาเขตนครสวรรค์
►นวนิยาย:l:Fiction
บนชั้น

รายการใกล้เคียง
    ผู้แต่ง [ราตรีนิมิต.]

BibComment


ยังไม่เคยถูกคอมเมนท์

คอมเมนท์ทรัพยากรรายการนี้
  คอมเมนท์: บุพเพรักร้อยลิขิ..


 Copyright 2026. Bcnsprnw @Library